| 000 | 00938 a2200241 4500 | ||
|---|---|---|---|
| 003 | OSt | ||
| 005 | 20180116192354.0 | ||
| 008 | 120605t xxu||||| |||| 00| 0 eng d | ||
| 020 | _a0714839949 (pbk.) | ||
| 020 | _a9780714839943 | ||
| 040 | _c0 | ||
| 082 | _a741.6092 | ||
| 100 |
_aHeller, Steven. _93904 |
||
| 245 | 1 | 0 |
_aPaul Rand / _cSteven Heller ; forward by Armin Hofmann ; introduction by George Lois ; essay by Jessica Helfand. |
| 260 |
_aLondon : _bPhaidon, _c1999. |
||
| 300 |
_a255 p. : _b ill. (some col.), ports. ; _c30 cm. |
||
| 500 | _aIncludes bibliographical references and index. | ||
| 600 | 1 | 4 |
_aRand, Paul, _d1914-1996 _xCriticism and interpretation. _93905 |
| 650 | 1 | 0 |
_aDesign _zUnited States _xHistory _y20th century. _93906 |
| 650 | 1 | 0 |
_aCommercial art _zUnited States _x History _y20th century. _93907 |
| 942 |
_aSADA _cBK _k741.6092 HEL 1999 _2ddc |
||
| 999 |
_c353031 _d353031 |
||